| 000 | 00906nam a2200217 a 4500 | ||
|---|---|---|---|
| 001 | 000041607 | ||
| 005 | 20201002035649.0 | ||
| 008 | 131014s19782002sp 000 0 spa d | ||
| 020 | _a8400037898 | ||
| 040 |
_aDO-SdBNP _bspa _cBNPHU |
||
| 082 |
_axxxx _bxxx |
||
| 100 | 1 |
_aLleonart y Amselem, Alberto J. _968379 |
|
| 245 | 1 | 0 |
_aEspaña y Onu. : _bla cuestión Española / _cAlberto J. Lleonart y Amselem, Fernando María Castiella y Maíz. |
| 260 |
_aMadrid, : _bConsejo Superior de Investigaciones Científicas, _c1978-2002. |
||
| 300 |
_a6 v. ; _c21 cm. |
||
| 490 | 1 | _aEspaña y la organización de las Naciones Unidas | |
| 505 | 0 |
_gv. 1 _t1945-46 _gv. 2 _t1947 _gv. 3 _t1948-49 _gv. 4 _t1950 _gv 5 _t1951 _gv. 6 _t1952-1955 |
|
| 504 | _aIncluye referencias bibliografícas | ||
| 700 | 1 |
_aCastiella y Maíz, Fernando María _d1907-1976 _968380 |
|
| 830 | 0 |
_aEspaña y la organización de las Naciones Unidas _968381 |
|
| 999 |
_c41097 _d41097 |
||